Predtým prekročenie hraníc: 1964-1971

Bibliographic Details
Main Author: Matuštík, Radislav, 1929-2006 (Author)
Format: Book
Language:Slovak
PhysicalDescription:215 s. fotografie 21 cm
Published: Žilina Považská galéria umenia 1994
ISBN:8088730082
Subjects:

MARC

LEADER 00000cam a2200000 a 4500
001 vtls001078318
003 SK-MaSNL
005 20260426003633.0
008 250414s1994 xo o gr 000 0 slo
015 |a SNBA1995/04 
020 |a 8088730082  |q (brožované) 
035 |a SNK000021153 
040 |a SNK  |b slo  |c SNK  |e AACR2 
041 0 |a slo 
043 |a e-xo--- 
044 |a xo  |c SK 
072 7 |a 72/76  |x Výtvarné umenie  |2 konspekt 
080 |a 72/76  |2 2011 
080 |a (437.6)  |2 2011 
080 |a (048.8)  |2 2011 
100 1 |a Matuštík, Radislav,  |d 1929-2006  |4 aut  |9 226052 
245 1 0 |a Predtým  |b prekročenie hraníc: 1964-1971  |c Radislav Matuštík 
260 |a Žilina  |b Považská galéria umenia  |c 1994  |e S.l.DaK Grafik Print  |f DaK Grafik Print 
300 |a 215 s.  |b fotografie  |c 21 cm 
648 7 |a 1964-1971  |2 SNKPH  |9 618849 
650 0 7 |a výtvarné umenie  |2 SNKPH  |9 723 
650 0 7 |a Fine art  |2 SNKPHeng  |9 265088 
651 7 |a Slovensko  |2 SNKPHgeo  |9 14231 
651 7 |a Slovakia  |2 SNKPHeng  |9 92630 
655 7 |a štúdie  |2 SNKPH  |9 57033 
655 7 |a Studies  |2 SNKPHeng  |9 265573 
852 |a Slovenská národná knižnica 
919 |a 80-88730-08-2 
954 |a obrazové publikácie zamerané na výtv.umenie a fotografiu pôvodné (slovenské)  |2 lita 
958 |a OND 
958 |a SK 
958 |a EUIPO 
999 |c 950628  |d 952558 
952 |a SNK  |b SNK  |y PREZ  |7 0  |p 17A0995529  |o snkSC 87812  |i snkKSP 2833/95  |0 0  |1 0  |4 0  |d 2012-08-28  |f 1  |l 0  |r 2026-02-24 09:47:07  |w 2026-02-24 
952 |a SNK  |b SNK  |y VYP  |7 0  |p 17A0079837  |o snkSC 87812 D1  |0 0  |1 0  |4 0  |d 1997-07-10  |l 0  |r 2004-12-31 00:00:00  |w 2026-02-24